000 00566 a2200157 4500
003 OSt
005 20231204120243.0
008 231204b |||||||| |||| 00| 0 eng d
040 _coclc
082 _a954.0357092
_bBOS/I
100 1 _aBose, Subhas Chandra,
_d1897-1945
_93199
245 _aIn Burmese prisons :
_bcorrespondence May 1923-July 1926
_cSubhas Chandra Bose,
_hEdited by Sisir K Bose and Sugata Bose.
260 _aNew Delhi:
_bOrient blackswan,
_c2023.
300 _a360p
942 _2ddc
_cBK
_h954.0357092
_iBOS/I
_k954.0357092
_mBOS/I
999 _c43877
_d43877